Datum a čas kvízu
29.5
Celkem bodů
Celkový počet nahraných bodů na tomto kvízu bez doplňovacích otázek.
9.
Pořadí na kvízu
Konečné umístění týmu na tomto kvízu.
Zaznamenané odpovědi
| # | Otázka | Odpověď | Body | Výsledky |
|---|---|---|---|---|
| 1. | Český premiér Andrej Babiš při... | o pistoli | 1 | |
| 2. | Inzerát místních úřadů na míst... | Srí Lanka | 0 | |
| 3. | Tři interpreti dostali v úter... | Lucie, Barbora Poláková | 0 | |
| 4. | Švédská automobilka Volvo omez... | 180 km/h | 1 | |
| 5. | Vedoucí žena Světového poháru... | Špindlerův Mlýn | 1 | |
| 6. | V prvních čtyřech otázkách tém... | Božena Němcová, Babička | 1 | |
| 7. | „Vstávej!“ ...Meduna krásně př... | Karel Poláček, Muži v offsidu | 0 | |
| 8. | Zde prosíme celé jméno autora... | Josef Čapek, Povídání o pejskovi a kočičce | 1 | |
| 9. | „Drva hlaďúnký, bílúnký, a tak... | Rudolf Těsnohlídek, Liška Bystrouška | 0 | |
| 10. | "V jednom kupé druhé třídy ryc... | B | 1 |